| 000 | 00421nam a22001455i 4500 | ||
|---|---|---|---|
| 001 | 172031 | ||
| 003 | ES-MaACL | ||
| 005 | 20230906214809.0 | ||
| 008 | 090612s1923 fr |||| | fre d | ||
| 100 | 1 |
_aSoupault, Philippe. _9107567 |
|
| 245 | 1 | 3 |
_aLe bon apotre / _cpar Philippe Soupault. |
| 260 |
_aParis : _b[s.n.], _c1923 ( _eDijon : _fMaurice Darantiere) |
||
| 300 |
_a218 p. ; _c18 cm. |
||
| 852 |
_aES-MaACL _jB-3783 |
||
| 999 |
_c172031 _d172031 |
||